00606nam a2200193 a 450000100060000000300090000600800410001502000150005604000280007108200150009910000310011424500580014526000410020330000080024449000300025265000450028265000370032765000480036421880CO-ViMGA141112s2004 ck r 000 u spa d a9588109981 aCO-ViMGAbspacCO-ViMGA04a306.2 A6761 aDelgado Gutierrez, Adriana10aAproximaciones a la cultura democrática en Bogotá aAlcaldía Mayor de Bogotá, c2003 a198 aCultura democrática; 3114aCULTURA Política - Bogotá (COLOMBIA)14aDEMOCRACIA - Bogotá (COLOMBIA)14aSOCIOLOGIA Política - Bogotá (COLOMBIA)